00823nam a22002297a 4500003000900000005001700009007000300026008003400029020001800063040002500081082002100106100003900127245011600166246005900282250001300341260004300354300002300397500007700420650002200497650004500519700002900564DO-SdBNP20220307084400.0ta210316b 2020 dr | 00| 0 eng d a9789945917758 aDO-SdBNPbspacBNPHU 4a086.1bS246f2221 aSarmiento Castro, Vicente, d1977-10aFrases y pensamientos /cVicente Sarmiento Castro ; diagramación y cuidado de la edición Luis R. Cunillera.10aFrases y pensamientos :bnacionales e internacionales. a2da. ed. aSanto Domingo : bLuz de Luna, c2020. a199 p. ; c21 cm.  aIncluye datos biográficos del autor en la solapa de la contracubierta.14aCitas españolas14aEspañolxPalabras y frases extrajeras 1 aCunillera, Luis R.,eed.